South Eastern Kenya University

Library Online Public Access Catalogue


The floral companion / (Record no. 12005)

MARC details
000 -LEADER
fixed length control field 00506pam a2200205 a 4500
001 - CONTROL NUMBER
control field 3384055
003 - CONTROL NUMBER IDENTIFIER
control field OSt
005 - DATE AND TIME OF LATEST TRANSACTION
control field 20160310172114.0
008 - FIXED-LENGTH DATA ELEMENTS--GENERAL INFORMATION
fixed length control field 880919r1988 nyu 000 1 eng
010 ## - LIBRARY OF CONGRESS CONTROL NUMBER
LC control number 88030566
020 ## - INTERNATIONAL STANDARD BOOK NUMBER
International Standard Book Number 0312025785 :
040 ## - CATALOGING SOURCE
Original cataloging agency SEKU
050 00 - LIBRARY OF CONGRESS CALL NUMBER
Classification number PR 6052
Item number .B4
082 00 - DEWEY DECIMAL CLASSIFICATION NUMBER
Classification number 823/.914
Edition number 19
100 1# - MAIN ENTRY--PERSONAL NAME
Personal name Bell, Anthea.
245 14 - TITLE STATEMENT
Title The floral companion /
Statement of responsibility, etc. Anthea Bell.
260 ## - PUBLICATION, DISTRIBUTION, ETC. (IMPRINT)
Place of publication, distribution, etc. New York :
Name of publisher, distributor, etc. St. Martin's Press,
Date of publication, distribution, etc. 1988.
300 ## - PHYSICAL DESCRIPTION
Extent 303 p. ;
Dimensions 22 cm.
942 ## - ADDED ENTRY ELEMENTS (KOHA)
Source of classification or shelving scheme Library of Congress Classification
Koha item type General circulation
Holdings
Withdrawn status Lost status Source of classification or shelving scheme Damaged status Not for loan Home library Current library Shelving location Date acquired Source of acquisition Total Checkouts Full call number Barcode Date last seen Price effective from Koha item type Public note
    Library of Congress Classification     Mtito Andei Centre Library Mtito Andei Centre Library General Stacks 10/03/2016 Donation- Books for Africa   PR 6052 .B4 2016/015455 10/03/2016 10/03/2016 General circulation stv
Kitui, Kenya.
+254736116989
library@seku.ac.ke